Statistics for Building Style by City 5 (Hard)

Click here to take the quiz!

General Stats

  • This quiz has been taken 13 times
  • The average score is 5 of 12

Answer Stats

Answer% Correct
Beijing
100%
Hong Kong
70%
Taipei
60%
Cusco
50%
Istanbul
40%
Jaipur
40%
Fes
30%
Jakarta
30%
Chefchaouen
20%
Detroit
20%
Suzhou
20%
Puducherry
0%

Score Distribution

Percentile by Number Answered

Percent of People with Each Score

Your Score History

You have not taken this quiz